000
00297nam a22001097a 4500
008
230620b xxu||||| |||| 00| 0 eng d
082
_a
320
_b
THO 1956
245
_a
History of British Politics From the Year 1900
260
_a
London
_b
Herbert Jenkins Ltd
_c
1956
300
_a
XI,223p
942
_2
ddc
_c
BK
999
_c
1614
_d
1614